Guión metodológico para la elaboración del plan de manejo para reservas particulares del patrimonio natural / (Registro nro. 18830)
[ vista simple ]
| 000 -CABECERA | |
|---|---|
| Campo de control | 01172nam a2200265 a 4500 |
| 005 - FECHA Y HORA DE LA ULTIMA TRANSACCION | |
| Campo de control | 20160627102739.0 |
| 008 - ELEMENTOS DE LONGITUD FIJA—INFORMACION GENERAL | |
| Campo de control | 160627s2006 br |||||r|||| 00| 0 spa d |
| 020 ## - ISBN | |
| ISBN | 8573002271 |
| 040 ## - FUENTE DE CATALOGACIÓN | |
| Agencia catalogadora original | CO-BoIAVH |
| Agencia transcriptora | CO-BoIAVH |
| 041 1# - IDIOMA | |
| Código de idioma para texto/pista de sonido o título separado | Español |
| Código de idioma de la versión original y/o traducciones intermedias del texto | Portugués |
| 044 ## - PAÍS DE PUBLICACIÓN | |
| País de publicación | Brasil |
| 082 04 - NUMERO DE CLASIFICACION DECIMAL DEWEY | |
| Número de clasificación | 333.75068 |
| Número del ítem | F38g |
| 100 1# - ASIENTO PRINCIPAL--NOMBRE PERSONAL | |
| Nombre personal | Ferreira, Lourdes M. |
| 9 (RLIN) | 72255 |
| 245 10 - MENCION DE TITULO | |
| Título | Guión metodológico para la elaboración del plan de manejo para reservas particulares del patrimonio natural / |
| Mención de responsabilidad | Lourdes M. Ferreira, Rogério Guimarães Só de Castro y Sérgio Henrique Collaço de Carvalho |
| 260 ## - PUBLICACION, DISTRIBUCION, ETC. (PIE DE IMPRENTA) | |
| Lugar de publicación, distribución, etc. | Brasilia, Brasil : |
| Nombre del editor, distribuidor, etc. | Ministerio del Medio Ambiente, |
| Fecha de publicación, distribución, etc. | 2006. |
| 300 ## - DESCRIPCION FISICA | |
| Extensión | 95 páginas ; |
| Dimensiones | 30 x 21 cm. |
| 504 ## - NOTA DE BIBLIOGRAFIA, ETC. | |
| Nota de bibliografía | Incluye referencias bibliográficas. |
| 650 16 - ASIENTO SECUNDARIO DE MATERIA - TERMINO TEMATICO | |
| Término temático o nombre geográfico como elemento de entrada | Reservas forestales |
| Subdivisión general | ordenación forestal |
| Subdivisión geográfica | Brasil |
| 9 (RLIN) | 72256 |
| 650 26 - ASIENTO SECUNDARIO DE MATERIA - TERMINO TEMATICO | |
| Término temático o nombre geográfico como elemento de entrada | Reservas forestales |
| Subdivisión general | manejo |
| Subdivisión de forma | guías |
| Subdivisión geográfica | Brasil |
| 9 (RLIN) | 72257 |
| 650 26 - ASIENTO SECUNDARIO DE MATERIA - TERMINO TEMATICO | |
| Término temático o nombre geográfico como elemento de entrada | Reservas forestales |
| Subdivisión general | Diagnóstico |
| Subdivisión geográfica | Brasil |
| 9 (RLIN) | 72258 |
| 700 1# - ASIENTO SECUNDARIO - NOMBRE PERSONAL | |
| Nombre personal | Guimarães Só de Castro, Rogério |
| 9 (RLIN) | 72259 |
| 700 1# - ASIENTO SECUNDARIO - NOMBRE PERSONAL | |
| Nombre personal | Collaço de Carvalho, Sérgio Henrique |
| 9 (RLIN) | 72260 |
| 710 2# - ASIENTO SECUNDARIO - NOMBRE CORPORATIVO | |
| Nombre corporativo o de jurisdicción como elemento de entrada | Instituto Brasileño del Médio Ambiente y los Recursos Naturales Renovables |
| 9 (RLIN) | 72261 |
| 942 ## - ELEMENTOS ADICIONALES (KOHA) | |
| Sistema de clasificación | Dewey Decimal Classification |
| Tipo de ítem | Libro |
| Withdrawn status | Lost status | Sistema de Clasificación | Damaged status | No para préstamo | Colección | Inventariado | Ubicación Permanente | Ubicación actual | Fecha de adquisición | Fuente de Valor | Valor | Total Checkouts | Número topográfico | Inventario / Código de Barras | Date last seen | Ejemplar | Price effective from | Forma de adquisición | Tipo de material |
|---|---|---|---|---|---|---|---|---|---|---|---|---|---|---|---|---|---|---|---|
| Dewey Decimal Classification | General | Inventariado 2017 | Bogotá | Bogotá | 27/06/2016 | Instituto | 20000.00 | LB-333.75068 F38g | 034683 | 27/06/2016 | Ej. 1 | 27/06/2016 | Donación | Libro |